Central Library, Doon University
WEBOPAC (ONLINE PUBLIC ACCESS CATALOGUE)

Fuzzy Sets And Fuzzy Logic (Record no. 60806)

MARC details
000 -LEADER
fixed length control field 00510nam a22001937a 4500
005 - DATE & TIME
control field 20260515152714.0
008 - FIXED-LENGTH DATA ELEMENTS--GENERAL INFORMATION
fixed length control field 260515b |||||||| |||| 00| 0 eng d
020 ## - ISBN
International Standard Book Number 9789332549425
Price 830.00
040 ## - CATALOGING SOURCE
Original cataloging agency Doon University
041 ## - Language
Language English
082 ## - DDC NUMBER
Classification number 511.3
Book Number KLI
100 ## - MAIN ENTRY--PERSONAL NAME
Personal name Klir, George J.
245 ## - TITLE STATEMENT
Title Fuzzy Sets And Fuzzy Logic
Sub Title : Theory and Applications
260 ## - PUBLICATION, DISTRIBUTION, ETC. (IMPRINT)
Place of publication, distribution, etc Noida
Name of publisher, distributor, etc Pearson
Date of publication, distribution, etc 2015
300 ## - PHYSICAL DESCRIPTION
Pages 574
650 ## - Subject
Subject Computer Science (PM (USHA)
700 ## - Added Entry Personal Name
Added Entry Personal Name Yuan, Bo
942 ## - ADDED ENTRY ELEMENTS (KOHA)
Koha item type Books
650 ## - Subject
-- 26808
700 ## - Added Entry Personal Name
-- 5396
952 ## - LOCATION AND ITEM INFORMATION (KOHA)
-- 2026-05-15
Holdings
Withdrawn status Lost status Source of classification or shelving scheme Damaged status Not for loan Location (home branch) Sublocation or collection (holding branch) Date acquired Koha issues (times borrowed) Koha full call number Accession No. Koha date last seen Koha item type
          Doon University Doon University 15.05.2026   511.3 KLI 33164 15.05.2026 Books
Contact : +91-135-2533126 (Library),+91-135-2533105 (Admin Office) , Email : doonlibrary@gmail.com

Powered by Koha